Ecumenical Encounter (Record no. 6498)

MARC details
000 -LEADER
fixed length control field 00537nam a2200229 a 4500
020 ## - INTERNATIONAL STANDARD BOOK NUMBER
ISBN
082 00 - DEWEY DECIMAL CLASSIFICATION NUMBER
Classification number 270.82
Author Cutter TUR
100 ## - MAIN ENTRY--AUTHOR NAME
Author name Turnipseed, R L
245 ## - TITLE STATEMENT
Title Ecumenical Encounter
260 ## - PUBLICATION, DISTRIBUTION, ETC. (IMPRINT)
Place of publication Delhi
Name of publisher ISPCK
Year of publication 1984
300 ## - PHYSICAL DESCRIPTION
Number of Pages 97p
500 ## - GENERAL NOTE
General note includes index and biblioraphy
505 2# - FORMATTED CONTENTS NOTE
Formatted contents note Ref, Bibliography, Err.
650 ## - SUBJECT ADDED ENTRY--TOPICAL TERM
Topical Term Ecumenicalism
942 ## - ADDED ENTRY ELEMENTS (KOHA)
Koha item type Books
Holdings
Collection code Home library Current library Date acquired Cost, normal purchase price Full call number Accession Number Koha item type
  Henry Martyn Institute Library Henry Martyn Institute Library 07/18/2007 30.00 270.82 TUR 011285 Books
                   Copyright © 2026 | Henry Martyn Institute | Hyderabad | TS-500052 | INDIA | Implemented by hmi.edu.in
Hit-Count:

Powered by Koha